000 00441nam a22001577a 4500
003 CEME
005 20210628202318.0
008 210210b xxu||||| |||| 00| 0 eng d
020 _a954.91 JIN
040 _c.
100 _aZaidi.Z.H
_959293
245 _aJinnah papers. Vol-3 ,on the threshold of pakistan 1 july-25 july 1947
260 _aISLAMABAD
_bOXFORD UNIVERSITY PRESS
_c1996
300 _aJINNAH PAPERS VOLUME-3
942 _cBK
_2ddc
999 _c569309
_d569309